000 00222nam a2200097Ia 4500
005 20251222121411.0
008 251222s1900||||xx |||||||||||||| ||spa||
082 _aDVD0070/V28/2003
245 0 _aElephant:Elefante
942 _cDVD
999 _c2511
_d2511